|
|
|
|
| LEADER |
01025nam a22002531 4500 |
| 001 |
c000142603 |
| 003 |
CARM |
| 005 |
00000000000000.0 |
| 008 |
740605s1967 nyu b 00010 eng |
| 019 |
1 |
|
|a 671088
|5 LACONCORD2021
|
| 035 |
|
|
|a (OCoLC)166137
|5 LACONCORD2021
|
| 050 |
0 |
0 |
|a H62
|b .C67
|
| 100 |
1 |
|
|a Cox, Charles Benjamin,
|
| 245 |
1 |
0 |
|a Social studies in the United States;
|b a critical appraisal,
|c edited by C. Benjamin Cox [and] Byron G. Massialas. Contributors: Mark Chesler [and others]
|
| 260 |
|
|
|a New York,
|b Harcourt, Brace & World
|c [1967]
|
| 300 |
|
|
|a vi, 355 p.
|c 22 cm.
|
| 504 |
|
|
|a Includes bibliographies.
|
| 650 |
|
0 |
|a Social sciences
|x Study and teaching.
|
| 700 |
1 |
|
|a Massialas, Byron G.,
|d 1929-
|e joint author.
|
| 700 |
1 |
|
|a Chesler, Mark R.
|
| 852 |
8 |
|
|b CARM
|h A2:AH33A0
|i B03744
|p 0181078
|f BK
|
| 082 |
0 |
4 |
|a 300/.7
|
| 999 |
f |
f |
|i fc21bd68-fdcd-5bfd-8ee2-5b3075aed4dc
|s 4e6eb1ef-201b-5eb2-b362-b6a0ca5c85cd
|
| 952 |
f |
f |
|p Can circulate
|a CAVAL
|b CAVAL
|c CAVAL
|d CARM 1 Store
|e B03744
|f A2:AH33A0
|h Other scheme
|i book
|m 0181078
|